000 00273nam a22001217a 4500
003 SGT
082 _bATW
100 _aATWAL, A.S.
245 _aAGRICULTURAL PETS OF SOUTH AND THEIR MANAGEMENT
260 _bKALYANI PUBLICATION
_c2015
300 _a678
942 _2ddc
_cBK
_030
999 _c15411
_d15411